01967njm a2200265Ia 4500001000600000003000900006005001700015008004100032040001300073040001300086100001100099100001800110100003800128245001800166250001100184260001100195260003800206300001700244300003000261500018900291505104700480511006701527650005201594700005501646L0359IT-RoPAU20220918181156.0131025s9999 xx 000 0 und d aIT-RoPAU cIT-RoPAU aAA.VV. eAutore musica gCodice autore musica SPICS: 12000 aDreyfus Story a1a ed. aMILANO bHACHETTE RUSCONIc2003 [1a Ed.:0] aCOMPACT DISC c73 minuti (Testo: 0 pag.) aMusica jazz. Cd fuori commercio allegato al n. 10 2003 della rivista "Musica jazz". Jazz d'Europa e d'America prodotto con l'amore di un Fan. Vedere inserto "Musica jazz" (Cod. L0358). aThe Sheik of Araby (di Snyder, Smith e Wheeler, Englewood Cliffs 2001, 3:01) - Self Portrait In Threecolors (di C. Mingus, New York marzo 1993, 3:14) - Viaggio (di R. Galliano, Parigi maggio 1996, 5:04) - In the Still of the Night (di C. Porter, Brooklyn ottobre 1997, 4:42) - Bird Lives (di J. McLean, Boulogne-Billancourt giugno 1989, 6:50) - Angel Eyes (M. Dennis e E. Brent, New York City novembre 1991, 5:16) - Waltswing (di J. Griffin, Parigi maggio 2000, 4:51) - Giant Steps (di J. Coltrane, Parigi settembre 2001, 2:29) - Sweet Chorus (di S. Grappelli e D. Reinhardt, Parigi marzo 1992, 3:53) - Island Fever (di A. Jamal, New York agosto 1992, 4:39) - Manhattan (di M. Petrucciani, Parigi 1994, 4:51) - Bolero (di D. Reinhardt, Parigi settembre 1978, 4:22) - Perle (di R. Galliano, Parigi giugno 1996, 3:51) - James (di P. Metheny e L. Mays, New York febbraio 1995, 4:36) - Coquette (di J.W. Green, G. Kahn e C. Lombardo, Parigi maggio 2001, 2:08) - Goodbye Porkpie Hat (di C. Mingus, 3:37) - Oleo (di S. Rollins, Parigi 1968, 4:56). aG. Coleman, M. Portal, R. Galliano, J. McLean, J. Griffin, ... aJAZZ [COMPACT DISC]eCodice MATERIA SPICS: 9949 aAA.VV.gCodice interprete SPICS: 12000eInterprete